[Event "17. Šahovski festival "]
[Site "Senta"]
[Date "2013.07.17"]
[Round "6.11"]
[White "Korponai, Akos"]
[Black "Farkas, Tibor"]
[Result "1/2-1/2"]
[WhiteElo "1786"]
[BlackElo "2250"]
[PlyCount "88"]
[EventDate "2013.07.13"]

1. d4 Nf6 2. Nf3 g6 3. g3 Bg7 4. Bg2 O-O 5. O-O d6 6. c4 Nbd7 7. Nc3 e5 8. e4
c6 9. Re1 Qb6 10. dxe5 dxe5 11. Qc2 Qb4 12. b3 Qe7 13. a3 Re8 14. h3 Nf8 15.
Be3 N6d7 16. b4 Ne6 17. Rad1 b6 18. Rd2 a5 19. Qb3 Bf8 20. Rb1 f6 21. Qc2 Qf7
22. Na4 axb4 23. axb4 Rb8 24. Nc3 Bb7 25. b5 c5 26. Nd5 Ra8 27. Rdd1 Nd4 28.
Qb2 Bxd5 29. cxd5 Nxf3+ 30. Bxf3 Bd6 31. Ra1 f5 32. Rxa8 Rxa8 33. Ra1 Qf8 34.
Kg2 Qc8 35. exf5 gxf5 36. Be2 Qb7 37. Rxa8+ Qxa8 38. Bc4 Qb8 39. Bh6 Kf7 40.
Qc2 e4 41. Qd2 Qe8 42. Qg5 Qe5 43. Be2 Qf6 44. Bh5+ Ke7 1/2-1/2

[Event "17. Šahovski festival "]
[Site "Senta"]
[Date "2013.07.17"]
[Round "6.14"]
[White "Kaszas, Viktor"]
[Black "Domany, Zsofia"]
[Result "0-1"]
[WhiteElo "2040"]
[BlackElo "2158"]
[PlyCount "56"]
[EventDate "2013.07.13"]

1. d4 d5 2. c4 c6 3. Nc3 Nf6 4. Nf3 e6 5. Bg5 h6 6. Bh4 dxc4 7. e4 g5 8. Bg3 b5
9. h4 g4 10. Ne5 Rg8 11. Be2 Bb7 12. Nxg4 Nbd7 13. f3 h5 14. Nxf6+ Qxf6 15. e5
Qh6 16. Kf2 Qg6 17. Rh3 O-O-O 18. Bf1 Nc5 19. Kg1 Nd3 20. Bxd3 cxd3 21. Rc1 a6
22. a4 Bh6 23. Ne4 Bxc1 24. Qxc1 Rxd4 25. Nd6+ Kb8 26. Qc5 d2 27. Qxd4 Qb1+ 28.
Kh2 d1=Q 0-1

[Event "17. Šahovski festival "]
[Site "Senta"]
[Date "2013.07.17"]
[Round "6.16"]
[White "Agoston, Aron"]
[Black "Sakic, Lorand"]
[Result "1-0"]
[WhiteElo "2162"]
[BlackElo "1971"]
[PlyCount "111"]
[EventDate "2013.07.13"]

1. e4 e5 2. Nf3 Nf6 3. Nc3 Nc6 4. d4 exd4 5. Nxd4 Bb4 6. Nxc6 bxc6 7. Bd3 d5 8.
exd5 cxd5 9. O-O O-O 10. Bg5 c6 11. Qf3 Be7 12. Rae1 Be6 13. Nd1 h6 14. Bh4 Nd7
15. Bxe7 Qxe7 16. c3 Qg5 17. Bc2 Rfe8 18. Qd3 Nf8 19. f4 Qf6 20. Re3 Bd7 21.
Rg3 Re7 22. Ne3 Rae8 23. f5 Rxe3 24. Rxe3 Rxe3 25. Qxe3 a5 26. Qd4 Qg5 27. f6
g6 28. Qf4 Qh5 29. Bd1 Qg5 30. h4 Qxf4 31. Rxf4 Nh7 32. Ra4 Nxf6 33. Rxa5 Kf8
34. Kf2 Ke7 35. Ke3 Kd6 36. Kd4 Ne4 37. b4 Nd2 38. Ba4 Nc4 39. Ra6 Kc7 40. Ra7+
Kd6 41. Bb3 Nd2 42. Ra6 Bc8 43. Ra8 Bd7 44. Bc2 Nc4 45. a4 h5 46. a5 Na3 47.
Bd3 Bf5 48. Bxf5 gxf5 49. Rh8 Nb5+ 50. Kd3 c5 51. Rh6+ Ke5 52. bxc5 Nc7 53. a6
f6 54. a7 Ke6 55. Rh7 Na8 56. Rh8 1-0

[Event "17. Šahovski festival "]
[Site "Senta"]
[Date "2013.07.17"]
[Round "6.18"]
[White "Savic, Dragan"]
[Black "Bejatovic, Bojana"]
[Result "0-1"]
[WhiteElo "2106"]
[BlackElo "2002"]
[PlyCount "78"]
[EventDate "2013.07.13"]

1. c3 d5 2. d4 Nf6 3. Nd2 e6 4. Qc2 c5 5. Ngf3 Nc6 6. e3 Bd6 7. Be2 O-O 8. O-O
Qe7 9. Re1 e5 10. dxe5 Nxe5 11. c4 Bg4 12. cxd5 Nxd5 13. Nxe5 Bxe2 14. Rxe2
Qxe5 15. Nf3 Qf6 16. Bd2 Rfe8 17. Ree1 Rad8 18. Qb3 Nb6 19. Rad1 Qf5 20. Bc1 h6
21. Qb5 Bc7 22. Qe2 Qg4 23. h3 Qe4 24. Kf1 Nd5 25. Nd2 Qe5 26. Nf3 Qe4 27. Qb5
b6 28. a3 Re7 29. Rd2 Red7 30. Red1 Bg3 31. Qb3 c4 32. Qa4 Nxe3+ 33. Kg1 Bxf2+
34. Kh1 Rxd2 35. Rxd2 Rxd2 36. Bxd2 Qb1+ 37. Be1 Bxe1 38. Qe8+ Kh7 39. Qxf7
Bf2+ 0-1

[Event "17. Šahovski festival "]
[Site "Senta"]
[Date "2013.07.18"]
[Round "7.1"]
[White "Drazic, Sinisa"]
[Black "Dudukovic, Nikola"]
[Result "1-0"]
[WhiteElo "2464"]
[BlackElo "2321"]
[PlyCount "49"]
[EventDate "2013.07.13"]

1. c4 Nf6 2. Nc3 c5 3. g3 Nc6 4. Bg2 g6 5. e3 Bg7 6. Nge2 O-O 7. O-O d6 8. d4
cxd4 9. exd4 e5 10. dxe5 dxe5 11. h3 h6 12. Be3 e4 13. Qxd8 Rxd8 14. Rad1 Be6
15. b3 g5 16. g4 Rxd1 17. Rxd1 Re8 18. Nb5 b6 19. Ng3 Re7 20. Rd2 Ne5 21. Rd8+
Kh7 22. Nxe4 Nfd7 23. Nxa7 Nc5 24. Nb5 Nc6 25. Nxg5+ 1-0

[Event "17. Šahovski festival "]
[Site "Senta"]
[Date "2013.07.18"]
[Round "7.3"]
[White "Lazic, Miroljub"]
[Black "Stankovic, Milos"]
[Result "1/2-1/2"]
[WhiteElo "2467"]
[BlackElo "2396"]
[PlyCount "113"]
[EventDate "2013.07.13"]

1. g3 c5 2. Bg2 Nc6 3. c4 g6 4. Nc3 Bg7 5. e3 e5 6. Nge2 Nge7 7. a3 O-O 8. Rb1
a5 9. O-O d6 10. d3 f5 11. f4 Rb8 12. b3 Be6 13. Bb2 Bf7 14. Nd5 b5 15. Qd2
bxc4 16. bxc4 Nxd5 17. cxd5 Ne7 18. e4 Rb3 19. Bc3 a4 20. Rxb3 axb3 21. fxe5
dxe5 22. Qb2 Qb6 23. Kh1 Re8 24. Ng1 fxe4 25. dxe4 Nc8 26. Nf3 Nd6 27. Ng5 h6
28. Nxf7 Nxf7 29. Rb1 Rb8 30. a4 Qa6 31. a5 Qd3 32. Ra1 Qc2 33. a6 Nd6 34. a7
Ra8 35. Qxc2 bxc2 36. Bd2 Nb5 37. Bf1 Rxa7 38. Rxa7 Nxa7 39. Bd3 Kf7 40. Bxc2
Nb5 41. Kg2 h5 42. Bd3 Nd6 43. Kf3 Bf8 44. Ba6 Kf6 45. Ba5 g5 46. Ke3 g4 47.
Kd3 Nf7 48. Bc8 c4+ 49. Kc3 Nd6 50. Ba6 Nxe4+ 51. Kxc4 Bc5 52. Kd3 Nd6 53. Bc7
e4+ 54. Ke2 Ke5 55. Bc8 Kxd5 56. Bxd6 Kxd6 57. h3 1/2-1/2

[Event "17. Šahovski festival "]
[Site "Senta"]
[Date "2013.07.18"]
[Round "7.4"]
[White "Nestorovic, Dejan"]
[Black "Leskur, Dejan"]
[Result "1-0"]
[WhiteElo "2411"]
[BlackElo "2391"]
[PlyCount "115"]
[EventDate "2013.07.13"]

1. d4 Nf6 2. c4 c5 3. d5 e6 4. Nc3 exd5 5. cxd5 d6 6. Nf3 g6 7. Bg5 h6 8. Bh4
g5 9. Bg3 Nh5 10. e3 Nxg3 11. hxg3 Bg7 12. Nd2 a6 13. a4 Nd7 14. Qb3 O-O 15.
Nc4 Qe7 16. a5 f5 17. f4 Nf6 18. O-O-O Ng4 19. Rd2 Bd7 20. Bd3 b5 21. axb6 Bb5
22. Re1 Bxc4 23. Bxc4 gxf4 24. gxf4 Rae8 25. g3 Qb7 26. Rde2 Rb8 27. Na4 Nf6
28. Qc2 Nd7 29. Qb3 Nxb6 30. Nxb6 Qxb6 31. Qxb6 Rxb6 32. b3 a5 33. Ra2 Ra8 34.
Kc2 Kf7 35. Bd3 Kf6 36. Rh1 Rab8 37. Bc4 Ra8 38. Rha1 Re8 39. Kd3 Kg6 40. Re1
Ra8 41. e4 fxe4+ 42. Rxe4 Bf8 43. Re6+ Kf7 44. Ra4 Rb4 45. Ke4 Rxa4 46. bxa4
Re8 47. Kf5 Rxe6 48. dxe6+ Kg7 49. g4 Be7 50. Ke4 Kf8 51. Kd5 Ke8 52. Kc6 Bh4
53. Kxd6 Kd8 54. Bb5 Be7+ 55. Ke5 c4 56. Bxc4 Bh4 57. Kf5 Ke7 58. Kg6 1-0

[Event "17. Šahovski festival "]
[Site "Senta"]
[Date "2013.07.18"]
[Round "7.5"]
[White "Dragovic, Momcilo"]
[Black "Andrijevic, Milan"]
[Result "1-0"]
[WhiteElo "2387"]
[BlackElo "2322"]
[PlyCount "61"]
[EventDate "2013.07.13"]

1. e4 c5 2. d3 Nc6 3. f4 e6 4. Be3 d5 5. Nd2 dxe4 6. dxe4 Nf6 7. c3 Be7 8. Ngf3
Qc7 9. g3 O-O 10. Qc2 b6 11. Bd3 Na5 12. e5 c4 13. Be2 Nd5 14. Bd4 b5 15. Ne4
Bb7 16. Nfg5 g6 17. h4 h5 18. Bxh5 Bxg5 19. hxg5 Kg7 20. Bf3 Rh8 21. Rh6 Rxh6
22. gxh6+ Kxh6 23. f5 exf5 24. Nd6 Bc6 25. Nxf7+ Kg7 26. Ng5 Qe7 27. Qd2 Rg8
28. O-O-O Nc7 29. e6+ Kf8 30. Nh7+ Ke8 31. Bf6 1-0

[Event "17. Šahovski festival "]
[Site "Senta"]
[Date "2013.07.18"]
[Round "7.6"]
[White "Balog, Imre"]
[Black "Sente, Damir"]
[Result "1-0"]
[WhiteElo "2547"]
[BlackElo "2082"]
[PlyCount "35"]
[EventDate "2013.07.13"]

1. c4 Nf6 2. Nc3 g6 3. e4 d6 4. d4 Bg7 5. f3 O-O 6. Be3 c6 7. Qd2 Nbd7 8. Nge2
a6 9. h4 Re8 10. O-O-O Qa5 11. h5 b5 12. hxg6 hxg6 13. Bh6 Bh8 14. Ng3 b4 15.
Nb1 Nf8 16. Bd3 e5 17. Bxf8 Rxf8 18. Rxh8+ 1-0

[Event "17. Šahovski festival "]
[Site "Senta"]
[Date "2013.07.18"]
[Round "7.7"]
[White "Kokeza, Mirko"]
[Black "Simonyi, Zoltan"]
[Result "0-1"]
[WhiteElo "2315"]
[BlackElo "2220"]
[PlyCount "54"]
[EventDate "2013.07.13"]

1. d4 Nf6 2. c4 g6 3. Nc3 Bg7 4. e4 d6 5. f4 O-O 6. Nf3 c5 7. d5 e6 8. dxe6
fxe6 9. Bd3 Nc6 10. O-O Nd4 11. Qe1 Bd7 12. Ng5 e5 13. f5 h6 14. Nf3 gxf5 15.
exf5 Nxf5 16. Nh4 Nxh4 17. Qxh4 Ng4 18. Rxf8+ Qxf8 19. Ne4 d5 20. cxd5 c4 21.
Bxc4 Qb4 22. Bd2 Qxc4 23. Re1 Rf8 24. Bc3 Bb5 25. Nd2 Qc5+ 26. Kh1 Nf2+ 27. Kg1
Nd3+ 0-1

[Event "17. Šahovski festival "]
[Site "Senta"]
[Date "2013.07.18"]
[Round "7.8"]
[White "Manojlovic, Sava"]
[Black "Radusinovic, Lazar"]
[Result "0-1"]
[WhiteElo "2127"]
[BlackElo "2310"]
[PlyCount "96"]
[EventDate "2013.07.13"]

1. d4 d5 2. Nf3 Nf6 3. c4 c6 4. e3 e6 5. Bd3 Bd6 6. b3 Nbd7 7. Bb2 Qe7 8. Ne5
Nxe5 9. dxe5 Bb4+ 10. Nd2 Nd7 11. O-O a5 12. Nf3 O-O 13. Qc2 h6 14. a3 Bc5 15.
Qe2 Bb6 16. Bc2 Rd8 17. Rfd1 Bc7 18. Qd3 Nf8 19. Qe2 c5 20. g3 b6 21. Nh4 Ba6
22. Bd3 dxc4 23. Bxc4 Bxc4 24. bxc4 Qe8 25. Qc2 b5 26. cxb5 Qxb5 27. a4 Qc6 28.
Qc4 Rab8 29. Bc3 Nd7 30. f4 Nb6 31. Rxd8+ Bxd8 32. Qb5 Qxb5 33. axb5 Bxh4 34.
gxh4 Nd5 35. Bxa5 Rxb5 36. Bd2 c4 37. e4 Nc7 38. Rc1 Rc5 39. Be3 Rc6 40. Kf2
Na6 41. Ke2 c3 42. Rd1 Nb4 43. Rd8+ Kh7 44. Rb8 Rc4 45. Ra8 Rxe4 46. Kf3 Rc4
47. Ra7 c2 48. Ra4 Rc3 0-1

[Event "17. Šahovski festival "]
[Site "Senta"]
[Date "2013.07.18"]
[Round "7.9"]
[White "Stanojevic, Branko"]
[Black "Cica, Dragan"]
[Result "0-1"]
[WhiteElo "2302"]
[BlackElo "2063"]
[PlyCount "68"]
[EventDate "2013.07.13"]

1. d4 f5 2. g3 Nf6 3. Bg2 g6 4. c4 Bg7 5. Nc3 O-O 6. Nh3 e6 7. O-O d6 8. Qb3 c6
9. c5 d5 10. Bf4 Ne8 11. Rad1 h6 12. Qa3 Nd7 13. f3 g5 14. Bc1 b6 15. b4 e5 16.
dxe5 Nxe5 17. f4 Nc4 18. Qb3 g4 19. Nf2 Be6 20. b5 Qf6 21. Na4 cxb5 22. Qxb5
Nc7 23. Qc6 b5 24. Qxc7 bxa4 25. Bxd5 Bxd5 26. Rxd5 Rf7 27. Rd7 Re8 28. e3 Nxe3
29. Bxe3 Rxe3 30. Rfd1 Re2 31. R1d6 Qa1+ 32. Kg2 Qe1 33. Qd8+ Rf8 34. Rxg7+
Kxg7 0-1

[Event "17. Šahovski festival "]
[Site "Senta"]
[Date "2013.07.18"]
[Round "7.10"]
[White "Domany, Zsofia"]
[Black "Tancik, Kristijan"]
[Result "1/2-1/2"]
[WhiteElo "2158"]
[BlackElo "2272"]
[PlyCount "90"]
[EventDate "2013.07.13"]

1. e4 e5 2. Bc4 Nc6 3. Nf3 Bc5 4. c3 Nf6 5. d3 O-O 6. O-O d5 7. exd5 Nxd5 8. d4
exd4 9. cxd4 Be7 10. Ne5 Nb6 11. Nxc6 bxc6 12. Bd3 Bf6 13. Be3 g6 14. Be4 Qd6
15. Nc3 Ba6 16. Re1 Rad8 17. Qf3 Bxd4 18. Bg5 f6 19. Bh6 Rfe8 20. Bxc6 Rxe1+
21. Rxe1 Be5 22. g3 Bc4 23. Rd1 Qe7 24. Nd5 Nxd5 25. Bxd5+ Bxd5 26. Rxd5 Bd6
27. Be3 a6 28. Qe2 Be5 29. Rxd8+ Qxd8 30. f4 Bd6 31. Qxa6 Kg7 32. Qc6 Qe7 33.
Kf2 Qe6 34. a4 Qb3 35. Bd4 Qd1 36. Qc3 Qxa4 37. Bxf6+ Kg8 38. Ke3 Qd1 39. Bh8
Qg1+ 40. Kf3 Qf1+ 41. Kg4 Qe2+ 42. Kh3 Qh5+ 43. Kg2 Qe2+ 44. Kh3 Qh5+ 45. Kg2
Qe2+ 1/2-1/2

[Event "17. Šahovski festival "]
[Site "Senta"]
[Date "2013.07.18"]
[Round "7.11"]
[White "Desnica, Vladan"]
[Black "Korponai, Akos"]
[Result "1-0"]
[WhiteElo "2257"]
[BlackElo "1786"]
[PlyCount "49"]
[EventDate "2013.07.13"]

1. g3 d5 2. c4 e6 3. Bg2 Nf6 4. Nf3 c5 5. cxd5 Nxd5 6. O-O Nc6 7. d4 Be7 8. Nc3
Nxc3 9. bxc3 O-O 10. e4 cxd4 11. cxd4 b6 12. d5 exd5 13. exd5 Bf6 14. dxc6 Qxd1
15. Rxd1 Bxa1 16. Bf4 Bf6 17. Ng5 Bxg5 18. Bxg5 Ba6 19. c7 Rae8 20. Bc6 Re5 21.
Bf4 Rc5 22. Bd7 g5 23. Bd6 Rc2 24. Bf5 Rc6 25. Bxf8 1-0

[Event "17. Šahovski festival "]
[Site "Senta"]
[Date "2013.07.18"]
[Round "7.12"]
[White "Miladinovic, Lena"]
[Black "Vucinic, Gojko"]
[Result "1/2-1/2"]
[WhiteElo "2083"]
[BlackElo "2252"]
[PlyCount "52"]
[EventDate "2013.07.13"]

1. d4 Nf6 2. Nf3 g6 3. c4 Bg7 4. Nc3 d5 5. e3 O-O 6. Be2 c5 7. dxc5 dxc4 8. O-O
Nbd7 9. Qd4 Qa5 10. Qxc4 Qxc5 11. e4 Qxc4 12. Bxc4 Nb6 13. Bb3 Bd7 14. a4 Bc6
15. a5 Nbd7 16. e5 Ne4 17. Nxe4 Bxe4 18. e6 Nc5 19. exf7+ Kh8 20. Bc4 Bd3 21.
Bxd3 Nxd3 22. Ng5 Bf6 23. Be3 Nxb2 24. Rac1 b6 25. axb6 axb6 26. Ne6 Rxf7
1/2-1/2

[Event "17. Šahovski festival "]
[Site "Senta"]
[Date "2013.07.18"]
[Round "7.13"]
[White "Farkas, Tibor"]
[Black "Nagy, Attila N"]
[Result "1-0"]
[WhiteElo "2250"]
[BlackElo "2206"]
[PlyCount "47"]
[EventDate "2013.07.13"]

1. e4 c5 2. Nf3 d6 3. d4 cxd4 4. Nxd4 Nf6 5. Nc3 g6 6. Be3 Bg7 7. f3 Nc6 8. Qd2
O-O 9. O-O-O Nxd4 10. Bxd4 Be6 11. Kb1 Qc7 12. h4 Rfc8 13. h5 Qa5 14. hxg6 hxg6
15. a3 Rab8 16. Bd3 b5 17. Qg5 Rc6 18. f4 Ra6 19. e5 dxe5 20. Bxe5 Rd6 21. Bxg6
fxg6 22. Rxd6 b4 23. Rxe6 bxa3 24. Bxb8 1-0

[Event "17. Šahovski festival "]
[Site "Senta"]
[Date "2013.07.18"]
[Round "7.14"]
[White "Vranic, Ljubomir"]
[Black "Markovic, Aleksandar"]
[Result "1/2-1/2"]
[WhiteElo "2225"]
[BlackElo "2111"]
[PlyCount "115"]
[EventDate "2013.07.13"]

1. c4 Nf6 2. g3 c5 3. Bg2 Nc6 4. Nc3 g6 5. e3 Bg7 6. d4 cxd4 7. exd4 O-O 8. Be3
d6 9. h3 e6 10. g4 Bd7 11. Nge2 a6 12. O-O Rc8 13. b3 h5 14. g5 Ne8 15. Rc1 Nc7
16. d5 exd5 17. cxd5 Ne7 18. Bb6 Bf5 19. Ne4 Bxe4 20. Bxe4 Qd7 21. Qd3 Rfe8 22.
Nf4 Be5 23. Ng2 Na8 24. Be3 Qxh3 25. f4 Bg7 26. Rc2 Rxc2 27. Qxc2 Rc8 28. Qd2
Qg4 29. Qf2 Nc7 30. Qh4 Qxh4 31. Nxh4 Ncxd5 32. Bd2 Bd4+ 33. Kh1 b6 34. f5 gxf5
35. Nxf5 Nxf5 36. Rxf5 Ne7 37. Rf1 Kg7 38. Kg2 Ng6 39. Kh3 Re8 40. Bd5 Re7 41.
Bf3 h4 42. Re1 Ne5 43. Bd5 Rc7 44. Rc1 Rxc1 45. Bxc1 Bf2 46. Bd2 Kg6 47. b4 f6
48. gxf6 Kxf6 49. Bb7 a5 50. bxa5 bxa5 51. Bxa5 Ke6 52. Bd8 d5 53. a4 Kd7 54.
Bxh4 Bxh4 55. Kxh4 Nc4 56. Bxd5 Nb6 57. Bb3 Nxa4 58. Bxa4+ 1/2-1/2

[Event "17. Šahovski festival "]
[Site "Senta"]
[Date "2013.07.18"]
[Round "7.15"]
[White "Bejatovic, Bojana"]
[Black "Agoston, Aron"]
[Result "1/2-1/2"]
[WhiteElo "2002"]
[BlackElo "2162"]
[PlyCount "51"]
[EventDate "2013.07.13"]

1. d4 Nf6 2. Nf3 g6 3. Bg5 Bg7 4. Nbd2 d5 5. e3 O-O 6. Bd3 Nbd7 7. O-O Re8 8.
Re1 c6 9. c3 Qb6 10. Qc2 Nf8 11. e4 dxe4 12. Nxe4 Nxe4 13. Bxe4 c5 14. dxc5
Qxc5 15. Qb3 Qc7 16. Rad1 Be6 17. Bd5 Bxd5 18. Rxd5 Ne6 19. Be3 b6 20. Red1
Red8 21. h3 Rxd5 22. Rxd5 Rd8 23. Ng5 Nxg5 24. Bxg5 Bf6 25. Bxf6 exf6 26. Qd1
1/2-1/2

[Event "17. Šahovski festival "]
[Site "Senta"]
[Date "2013.07.18"]
[Round "7.17"]
[White "Sakic, Lorand"]
[Black "Kaszas, Viktor"]
[Result "1/2-1/2"]
[WhiteElo "1971"]
[BlackElo "2040"]
[PlyCount "121"]
[EventDate "2013.07.13"]

1. e4 c5 2. Nf3 e6 3. d4 cxd4 4. Nxd4 a6 5. c4 Qc7 6. Nc3 Nf6 7. a3 d6 8. Be2
Be7 9. O-O b6 10. Be3 Bb7 11. f3 Nbd7 12. Qb3 O-O 13. Rac1 Rac8 14. Nd1 Rfe8
15. Nf2 Qb8 16. Qa2 Bd8 17. b4 Bc7 18. g3 Qa8 19. Qb1 d5 20. c5 bxc5 21. bxc5
Nb8 22. Bd3 Nc6 23. exd5 exd5 24. Nxc6 Rxe3 25. Nd4 Qa7 26. Nf5 Ree8 27. Rfe1
Rcd8 28. Qb4 Bc8 29. Nd4 Bd7 30. Rxe8+ Rxe8 31. Kg2 Rb8 32. Qd2 Be5 33. Be2 Rc8
34. f4 Bxd4 35. Qxd4 Bc6 36. Bf3 Bb5 37. Ng4 Nxg4 38. Bxg4 Rd8 39. Bf3 Qc7 40.
Kg1 Bc4 41. Rc3 Kf8 42. Kf2 Qe7 43. Re3 Qf6 44. Re5 Qg6 45. Qc3 Qb1 46. Be2 Qb5
47. Bxc4 Qxc5+ 48. Ke2 Qxc4+ 49. Qxc4 dxc4 50. Rc5 Rd4 51. Ra5 c3 52. Rc5 Rd2+
53. Ke3 Rc2 54. Kd4 Rxh2 55. Rxc3 Ke7 56. Rc7+ Ke6 57. Rc6+ Kf5 58. Rxa6 Rg2
59. Ra5+ Kf6 60. Ra6+ Kf5 61. Ra5+ 1/2-1/2

[Event "17. Šahovski festival "]
[Site "Senta"]
[Date "2013.07.18"]
[Round "7.18"]
[White "Kovacs, Arthur"]
[Black "Savic, Dragan"]
[Result "1-0"]
[WhiteElo "1995"]
[BlackElo "2106"]
[PlyCount "85"]
[EventDate "2013.07.13"]

1. d4 Nf6 2. Nf3 g6 3. c4 c5 4. Nc3 Bg7 5. e4 cxd4 6. Nxd4 d6 7. Be2 O-O 8. O-O
a6 9. Be3 Nbd7 10. Qd2 Qc7 11. Rac1 e6 12. Rfd1 Ne5 13. f3 Ne8 14. b3 Bd7 15.
f4 Nc6 16. Nxc6 Bxc6 17. Nd5 Qd8 18. Nb6 Rb8 19. e5 Qh4 20. exd6 Nf6 21. Qe1
Qxe1+ 22. Rxe1 Ne4 23. Bf3 Rfd8 24. Bxe4 Bxe4 25. c5 Bb2 26. Rcd1 Bc2 27. Bd4
Ba3 28. Rc1 Bb4 29. Kf2 Bxe1+ 30. Rxe1 h6 31. Bf6 Kh7 32. Bxd8 Rxd8 33. Ke3 g5
34. g3 Kg6 35. Rc1 Bf5 36. b4 Bh3 37. a4 Bg2 38. b5 axb5 39. axb5 Kf5 40. d7
gxf4+ 41. gxf4 e5 42. c6 bxc6 43. bxc6 1-0

[Event "17. Šahovski festival "]
[Site "Senta"]
[Date "2013.07.19"]
[Round "8.2"]
[White "Stankovic, Milos"]
[Black "Nestorovic, Dejan"]
[Result "1/2-1/2"]
[WhiteElo "2396"]
[BlackElo "2411"]
[PlyCount "20"]
[EventDate "2013.07.13"]

1. e4 e5 2. Nf3 Nc6 3. Bc4 Bc5 4. d3 Nf6 5. c3 d6 6. Nbd2 a6 7. Bb3 Ba7 8. O-O
O-O 9. Re1 Ne7 10. Nf1 Ng6 1/2-1/2

[Event "17. Šahovski festival "]
[Site "Senta"]
[Date "2013.07.19"]
[Round "8.3"]
[White "Kosanovic, Goran A"]
[Black "Lazic, Miroljub"]
[Result "1-0"]
[WhiteElo "2372"]
[BlackElo "2467"]
[PlyCount "73"]
[EventDate "2013.07.13"]

1. e4 d6 2. f4 c5 3. Nf3 Nc6 4. Nc3 e6 5. d4 cxd4 6. Nxd4 Nxd4 7. Qxd4 Ne7 8.
Be3 Nc6 9. Qd2 Be7 10. O-O-O Qa5 11. Kb1 O-O 12. Be2 a6 13. Bf3 b5 14. g4 Qc7
15. g5 Bb7 16. Qf2 Rac8 17. Bb6 Qb8 18. Rhg1 Bd8 19. Bxd8 Rfxd8 20. Rg3 Ne7 21.
Rh3 Ng6 22. f5 Nf4 23. Rh4 d5 24. fxe6 Nxe6 25. exd5 Nxg5 26. Rg1 Nxf3 27. Qxf3
Qe5 28. Rh5 Qd4 29. Rd1 Qb6 30. a3 Qg6 31. Rf5 Rd7 32. h4 Rcd8 33. h5 Qh6 34.
Rf1 Rf8 35. Qg4 Rdd8 36. Ne4 Kh8 37. Ng5 1-0

[Event "17. Šahovski festival "]
[Site "Senta"]
[Date "2013.07.19"]
[Round "8.4"]
[White "Dudukovic, Nikola"]
[Black "Balog, Imre"]
[Result "1-0"]
[WhiteElo "2321"]
[BlackElo "2547"]
[PlyCount "69"]
[EventDate "2013.07.13"]

1. e4 e6 2. d4 d5 3. Nc3 Nf6 4. Bg5 dxe4 5. Nxe4 Nbd7 6. Nxf6+ Nxf6 7. Nf3 h6
8. Be3 Nd5 9. Qd2 Bd6 10. O-O-O Qe7 11. Kb1 a6 12. c4 Nxe3 13. Qxe3 c5 14. Bd3
O-O 15. Bc2 cxd4 16. Qxd4 Bc5 17. Qd3 f5 18. Ne5 Qc7 19. f4 b6 20. Rhe1 Ra7 21.
g4 b5 22. cxb5 Kh7 23. g5 g6 24. gxh6 axb5 25. Bb3 Rg8 26. Rc1 Qb6 27. Nf3 Be7
28. Ng5+ Bxg5 29. fxg5 Re8 30. Qc3 Rae7 31. Qf6 Qa7 32. h4 Rf7 33. Qe5 b4 34.
h5 Rg8 35. Rxc8 1-0

[Event "17. Šahovski festival "]
[Site "Senta"]
[Date "2013.07.19"]
[Round "8.5"]
[White "Nadj Hedjesi, Balind"]
[Black "Leskur, Dejan"]
[Result "1-0"]
[WhiteElo "2389"]
[BlackElo "2391"]
[PlyCount "79"]
[EventDate "2013.07.13"]

1. e4 g6 2. d4 Bg7 3. Nf3 d6 4. Nc3 a6 5. Bd3 Bg4 6. Be3 Nc6 7. d5 Ne5 8. Be2
Bxf3 9. gxf3 c5 10. a4 Nf6 11. f4 Ned7 12. h4 Qa5 13. Bd2 h5 14. Rg1 Kf8 15.
Bf3 Re8 16. Qe2 e5 17. dxe6 Rxe6 18. Qd3 Qc7 19. O-O-O c4 20. Qf1 b5 21. axb5
axb5 22. Nxb5 Qc5 23. Nc3 Qa7 24. Kb1 d5 25. Nb5 Qa4 26. Nc3 Qa8 27. e5 Ra6 28.
Kc1 Ra1+ 29. Nb1 Qa2 30. Bb4+ Kg8 31. Kd2 Ne4+ 32. Bxe4 dxe4 33. Ba3 c3+ 34.
Nxc3 Rxd1+ 35. Kxd1 Qe6 36. Nxe4 Bh6 37. Ng5 Bxg5 38. Rxg5 Kh7 39. Qd3 Qc6 40.
Rxh5+ 1-0

[Event "17. Šahovski festival "]
[Site "Senta"]
[Date "2013.07.19"]
[Round "8.6"]
[White "Radusinovic, Lazar"]
[Black "Farkas, Tibor"]
[Result "1/2-1/2"]
[WhiteElo "2310"]
[BlackElo "2250"]
[PlyCount "78"]
[EventDate "2013.07.13"]

1. d4 Nf6 2. Nf3 g6 3. g3 Bg7 4. Bg2 O-O 5. O-O d6 6. a4 c6 7. a5 d5 8. Ne5 Ng4
9. f4 f6 10. Nxg4 Bxg4 11. c4 Be6 12. Nc3 f5 13. cxd5 cxd5 14. e3 Qd7 15. Qb3
Rd8 16. Na4 Na6 17. Bd2 Bf7 18. Rfc1 Rdc8 19. Bf1 Be8 20. Rxc8 Rxc8 21. Bxa6
bxa6 22. Nc5 Qb5 23. Qxb5 Bxb5 24. Rc1 Kf7 25. Nd3 Rc4 26. b3 Rxc1+ 27. Nxc1 e6
28. Bb4 Bf6 29. Bc5 Bd8 30. b4 Bc4 31. Kf2 Ke8 32. Bxa7 Kd7 33. Ne2 Bxe2 34.
Kxe2 Kc6 35. Bc5 Kb5 36. Kd3 Bf6 37. Kc3 Bd8 38. Bf8 Bf6 39. Kb3 Bd8 1/2-1/2

[Event "17. Šahovski festival "]
[Site "Senta"]
[Date "2013.07.19"]
[Round "8.8"]
[White "Cica, Dragan"]
[Black "Vucinic, Gojko"]
[Result "1/2-1/2"]
[WhiteElo "2063"]
[BlackElo "2252"]
[PlyCount "63"]
[EventDate "2013.07.13"]

1. e4 c5 2. Nf3 d6 3. d4 cxd4 4. Nxd4 Nf6 5. Nc3 g6 6. f3 Bg7 7. Be3 Nc6 8. Qd2
O-O 9. O-O-O Nxd4 10. Bxd4 Be6 11. Kb1 Qc7 12. h4 Rfc8 13. h5 Qa5 14. hxg6 hxg6
15. Nd5 Qxd2 16. Nxf6+ Bxf6 17. Rxd2 Bxd4 18. Rxd4 Kg7 19. Be2 Rh8 20. Rdd1 g5
21. Kc1 Kf6 22. Kd2 Rac8 23. Rxh8 Rxh8 24. c4 Ke5 25. Ke3 a5 26. b3 a4 27. bxa4
Ra8 28. Rb1 Ra7 29. Rb5+ Kf6 30. a5 Bd7 31. Rb6 Be6 32. Rb5 1/2-1/2

[Event "17. Šahovski festival "]
[Site "Senta"]
[Date "2013.07.19"]
[Round "8.10"]
[White "Sente, Damir"]
[Black "Domany, Zsofia"]
[Result "1/2-1/2"]
[WhiteElo "2082"]
[BlackElo "2158"]
[PlyCount "37"]
[EventDate "2013.07.13"]

1. Nf3 Nf6 2. g3 d5 3. Bg2 e6 4. d3 c5 5. O-O Nc6 6. Nbd2 Be7 7. e4 dxe4 8.
dxe4 Qc7 9. Re1 e5 10. c3 O-O 11. Nh4 Rd8 12. Qc2 Be6 13. Nf1 Bc4 14. Bg5 h6
15. Bxf6 Bxf6 16. Nf5 Bd3 17. Qc1 Bg5 18. N1e3 Ne7 19. h4 1/2-1/2

[Event "17. Šahovski festival "]
[Site "Senta"]
[Date "2013.07.19"]
[Round "8.11"]
[White "Tancik, Kristijan"]
[Black "Kokeza, Mirko"]
[Result "1-0"]
[WhiteElo "2272"]
[BlackElo "2315"]
[PlyCount "111"]
[EventDate "2013.07.13"]

1. d4 d5 2. c4 e5 3. dxe5 d4 4. Nf3 Nc6 5. g3 Be6 6. Nbd2 Qd7 7. Bg2 Bh3 8. e6
Bxe6 9. Qb3 Na5 10. Qb5 Qxb5 11. cxb5 Bd5 12. O-O O-O-O 13. Bh3+ Kb8 14. Nxd4
Bc5 15. N4f3 Nf6 16. b3 Rhe8 17. e3 Ne4 18. Bb2 Bb4 19. Nxe4 Bxe4 20. Nd4 f6
21. Bg2 Bxg2 22. Kxg2 a6 23. Rfd1 Re7 24. a3 Bd6 25. bxa6 c5 26. a7+ Ka8 27.
Bc3 cxd4 28. Bxa5 Rde8 29. exd4 Kxa7 30. Bd2 Rc8 31. Rdc1 Rce8 32. Be3 f5 33.
Rc4 h6 34. h4 f4 35. Bxf4 Bxf4 36. gxf4 Re2 37. Rd1 Rb2 38. Rd3 Ree2 39. Rf3
Re1 40. Rcc3 Rbb1 41. Rg3 Rh1 42. d5 Rbg1+ 43. Kf3 Rd1 44. Ke4 Rxh4 45. Rxg7
Rh5 46. f5 Re1+ 47. Re3 Rh4+ 48. Ke5 Rf1 49. d6 Rxf2 50. d7 Rd2 51. Re4 Rh1 52.
Rd4 Rxd4 53. Kxd4 Rd1+ 54. Ke5 Kb6 55. f6 h5 56. f7 1-0